00814nam a2200205Ia 4500003000400000005001700004008004100021020001800062040002100080041000800101082002500109100004700134245010100181250002200282260006000304300002900364505016200393650002800555650002500583OSt20200813134353.0191128s2011 ck gr 000 0 spa d a9789587106770 aCo-JMCRcCo-JMCR0 aspa04a368.06 / bO726s2231 aOrdóñez Ordñez, Andrés E., eautor13aEl seguro de cumplimiento de contratos estatales en Colombia /cAndrés E. Ordóñez Ordñez aPrimera edición aBogotá : bUniversidad Externado de Colombia, c2011. a115 páginas ; c23 cm.0 aEl seguro de cumplimiento -- El seguro de caución -- Algunas características de la garantía única de cumplimiento de contratos estatales en Colombia24aCumplimiento de seguros24aSeguro de créditos